Welcome to CU Library Online Public Access Catalogue (OPAC)

Pastors in transition : (Record no. 6240)

MARC details
000 -LEADER
fixed length control field 00798cam a2200217 a 4500
001 - CONTROL NUMBER
control field 13804235
005 - DATE AND TIME OF LATEST TRANSACTION
control field 20250604083120.0
008 - FIXED-LENGTH DATA ELEMENTS--GENERAL INFORMATION
fixed length control field 041202s2005 miua b 001 0 eng
020 ## - INTERNATIONAL STANDARD BOOK NUMBER
International Standard Book Number 0802829082
050 00 - LIBRARY OF CONGRESS CALL NUMBER
Classification number BV4011.4
Item number .H64 2005
082 00 - DEWEY DECIMAL CLASSIFICATION NUMBER
Classification number 253/.2
Edition information 22
100 1# - MAIN ENTRY--PERSONAL NAME
Personal name Hoge, Dean R.,
Dates associated with a name 1937-2008.
245 10 - TITLE STATEMENT
Title Pastors in transition :
Remainder of title why clergy leave local church ministry /
Statement of responsibility, etc. Dean R. Hoge & Jacqueline E. Wenger.
260 ## - PUBLICATION, DISTRIBUTION, ETC.
Place of publication, distribution, etc. Grand Rapids, Mich. :
Name of publisher, distributor, etc. William B. Eerdmans Pub. Co.,
Date of publication, distribution, etc. c2005.
300 ## - PHYSICAL DESCRIPTION
Extent xiii, 257 p. :
Other physical details ill. ;
Dimensions 23 cm.
650 #0 - SUBJECT ADDED ENTRY--TOPICAL TERM
Topical term or geographic name entry element Clergy
General subdivision Appointment, call, and election.
650 #0 - SUBJECT ADDED ENTRY--TOPICAL TERM
Topical term or geographic name entry element Vocation
General subdivision Christianity.
700 1# - ADDED ENTRY--PERSONAL NAME
Personal name Wenger, Jacqueline E.
856 42 - ELECTRONIC LOCATION AND ACCESS
Materials specified Publisher description
Uniform Resource Identifier <a href="http://www.loc.gov/catdir/enhancements/fy1606/2004061980-d.html">http://www.loc.gov/catdir/enhancements/fy1606/2004061980-d.html</a>
942 ## - ADDED ENTRY ELEMENTS (KOHA)
Source of classification or shelving scheme Library of Congress Classification
Koha item type Books
Suppress in OPAC No
999 ## -
-- 6240
-- 6240
Holdings
Withdrawn status Lost status Source of classification or shelving scheme Damaged status Not for loan Collection Home library Current library Shelving location Date acquired Total checkouts Full call number Barcode Date last seen Copy number Price effective from Koha item type
    Library of Congress Classification     Non-fiction Undergraduate Library (Christ Temple) Undergraduate Library (Christ Temple) General stacks 06/04/2025   BV 4011.4 HOG ulct00002973 06/04/2025 1 06/04/2025 Books
    Library of Congress Classification     Non-fiction Undergraduate Library (Christ Temple) Undergraduate Library (Christ Temple) General stacks 06/04/2025   BV 40011.4 HOG ulct00002982 06/04/2025 1 06/04/2025 Books
    Library of Congress Classification     Non-fiction Undergraduate Library (Christ Temple) Undergraduate Library (Christ Temple) General stacks 06/04/2025   BV 40011.4 HOG ulct00002983 06/04/2025 2 06/04/2025 Books
© 2023-2024 Copyright: Central University Libraries. All Rights Reserved | Created by: Mahone Tech Office